000 00546nam a2200193Ia 4500
003 GCL
008 140319s9999 xx 000 0 eng d
040 _aGCL /
_cGCL
082 0 4 _a812
_bG T
100 1 _aGASSNER, JOHN
245 1 0 _aTWENTY: FIVE BEST PLAYS OF THE MODERN AMERICAN THEATRE EARLY SERIES 1916 - 1929 /
_cGASSNER, JOHN
260 _a[S.N] :
_bCROWN PUBLISHERS ،
_c1957
300 _a765 P
650 0 4 _aLITERATURE
650 0 4 _aPLAY
650 0 4 _aAMERICAN PLAYS
650 0 4 _aAMERICAN LITERATURE-20THCENT.,
942 _2ddc
_cBK
999 _c14809
_d14809